000 00500nam a2200181Ia 4500
005 20250923145142.0
008 008 250917s9999 xx 000 0 eng d
037 _aTextual
040 _aDSWL
_beng
_cDSWL
041 _aeng
_2eng
084 _qDSWL
100 _aLee, Porter R.
_9832288
245 0 _aSocial work as cause and function
_cby Porter R. Lee
260 _aNew York
_b School of Social Work
_c1937
300 _axvi,510p.
942 _cTEXL
999 _c1447786
_d1447786